000 00445nam a2200157Ia 4500
005 20250404094111.0
008 231217s9999 xx 000 0 und d
020 _a9788131408940
082 _a338.47 ALA;1 R
100 _aAlagiri, Dhandapani ed.
245 0 _aIcfai university press on services sector : new growth engine
260 _c2007
_bIcfai
_aHyderabad
300 _axvi, 262
650 _aIcfai,press,growth,engine
942 _cAA
999 _c191449
_d191449